History Quiz

Random History or Clickable Quiz

Presidential Election Match Quiz Stats

Quiz Updated Nov 9, 2016

Challenge
Share
Tweet
Score 0/41 Timer 07:00
5 Plays Today
% Correct
Barack Obama
95.6%
Barack Obama
95.2%
George W. Bush
93.7%
Donald Trump
93.1%
George W. Bush
91.9%
Bill Clinton
91.6%
Bill Clinton
89.8%
John F. Kennedy
87.9%
Ronald Reagan
87%
George H. W. Bush
85.1%
Jimmy Carter
85.1%
Ronald Reagan
82.1%
Harry S. Truman
77.5%
Lyndon Johnson
76.3%
Richard Nixon
72.3%
Dwight D. Eisenhower
71.3%
Franklin D. Roosevelt
69.1%
Richard Nixon
68.5%
Franklin D. Roosevelt
68%
Dwight D. Eisenhower
66.7%
William McKinley
59.3%
% Correct
Woodrow Wilson
54.1%
Benjamin Harrison
51.1%
Grover Cleveland
50.8%
Franklin D. Roosevelt
50.8%
Franklin D. Roosevelt
50.6%
Abraham Lincoln
50.2%
Abraham Lincoln
49.2%
William McKinley
48.2%
William H. Taft
45.8%
Herbert Hoover
35.9%
Rutherford B. Hayes
35.6%
James Buchanan
28.7%
Ulysses S. Grant
27.6%
Woodrow Wilson
23.2%
Ulysses S. Grant
20.2%
Grover Cleveland
20%
Warren G. Harding
19%
James Garfield
17.3%
Calvin Coolidge
16.6%
Theodore Roosevelt
15.8%

You're not logged in!

Compare scores with friends on all Sporcle quizzes.
Sign Up with Email
OR
Log In

You Might Also Like...

Show Comments

Extras

Top Quizzes Today


Score Distribution

Your Account Isn't Verified!

In order to create a playlist on Sporcle, you need to verify the email address you used during registration. Go to your Sporcle Settings to finish the process.